000 01479nam a2200373 i 4500
001 000047558
003 DO-SdBNP
005 20250716102742.0
007 ta
008 150206s2012 dr ac r 000 0 spa d
020 _a9789945443622 (serie)
020 _a9789945443905 (v. 185)
040 _aDO-SdBNP
_bspa
_cBNPHU
_erda
082 4 _aRD860.8
_bC744o, 2011
_222
111 2 _aConcurso de Arte y Literatura Bancentral
_n(15 :
_d2011 :
_cSanto Domingo, República Dominicana)
_975200
245 1 0 _aObras premiadas :
_bdecimoquinto concurso de arte y literatura Bancentral 2011 /
_cpresentación Héctor Valdez Albizu.
264 4 _aSanto Domingo :
_bBanco Central de la República Dominicana,
_c2012.
300 _a127 páginas :
_bilustraciones, retratos ;
_c24 cm.
336 _2rdacontent
_atexto
_btxt
337 _2rdamedia
_asin mediación
_bn
338 _2rdacarrier
_avolumen
_bnc
490 0 _aBanco Central de la República Dominicana
_v185
490 0 _aObras premiadas
_v15
500 _aIncluye notas a pie de páginas
590 _aInventariado, 2018/YL
650 4 _aCertámenes literarios
_ySiglo XXI
_943523
650 4 _aLiteratura dominicana
_ySiglo XXI
_943524
650 4 _aPremios literarios
_ySiglo XXI
_943525
650 4 _aArte y literatura
_ySiglo XXI
_975187
700 1 _aValdez Albizu, Héctor,
_d1947-
_912322
710 2 _aBanco Central de la República Dominicana
_983405
910 _aValidado. Control de calidad. MFF
942 _2ddc
_cLBS1
999 _c47046
_d47046